| 000 -LEADER |
| fixed length control field |
00787cam a2200205 a 4500 |
| 020 ## - INTERNATIONAL STANDARD BOOK NUMBER |
| ISBN |
9789715601450 |
| 040 ## - CATALOGING SOURCE |
| Transcribing agency |
DLC |
| 082 ## - DEWEY DECIMAL CLASSIFICATION NUMBER |
| Classification number |
901 SOU 2008 A103 Or. |
| 245 00 - TITLE STATEMENT |
| Title |
Changing agrifood markets in Southeast Asia : |
| Remainder of title |
impacts on small-scale producers / |
| 260 ## - PUBLICATION, DISTRIBUTION, ETC. (IMPRINT) |
| Place of publication |
[Los Baños, Laguna, Philippines] : |
| Name of publisher |
Southeast Regional Center for Graduate Study and Research in Agriculture (SEARCA) and University of the Philippines Research and Management Foundation (UPSTREAM), |
| Year of publication |
c2008. |
| 300 ## - PHYSICAL DESCRIPTION |
| Number of Pages |
xv, 356 p. : |
| Other physical details |
ill. ; |
| Dimensions |
23 cm. |
| 650 #0 - SUBJECT ADDED ENTRY--TOPICAL TERM |
| Topical Term |
Produce trade |
| 650 #0 - SUBJECT ADDED ENTRY--TOPICAL TERM |
| Topical Term |
Farm produce |
| 650 #0 - SUBJECT ADDED ENTRY--TOPICAL TERM |
| Topical Term |
Farms, Small |
| 700 1# - ADDED ENTRY--PERSONAL NAME |
| Personal name |
Digal, Larry. |
| 700 1# - ADDED ENTRY--PERSONAL NAME |
| Personal name |
Proctor, Felicity. |
| 700 1# - ADDED ENTRY--PERSONAL NAME |
| Personal name |
Vorley, William. |
| 856 41 - ELECTRONIC LOCATION AND ACCESS |
| Uniform Resource Identifier |
http://www.loc.gov/catdir/toc/fy11pdf04/2010338164.html |
| 942 ## - ADDED ENTRY ELEMENTS (KOHA) |
| Koha item type |
សៀវភៅភាសាអង់គ្លេស |
| 952 ## - LOCATION AND ITEM INFORMATION (KOHA) |
| Withdrawn status [LOCAL, KOHA] |
0 |